Bubbles at the Beach House Hotel / Judith Keim.
Available copies
- 1 of 1 copy available at LARL/NWRL Consortium.
Current holds
0 current holds with 1 total copy.
Show Only Available Copies
| Location | Call Number / Copy Notes | Barcode | Shelving Location | Status | Due Date |
|---|---|---|---|---|---|
| Godel Memorial-Warren Library | lp KEI (Text) | 35500006906588 | New | Available | - |
Record details
- ISBN: 9781962452731
- Physical Description: 377 pages (large print) ; 23 cm
- Edition: Large print edition.
- Publisher: [Place of publication not identified] : Wild Quail Publishing, [2025]
- Copyright: ©2025
Content descriptions
| Summary, etc.: | "Bubbles ... champagne, challenges, and spa ... Read More |
Search for related items by subject
| Genre: | Domestic fiction. Large print books. |
Search for related items by series
| LDR | 00217nam a22001093a 4500 | ||
|---|---|---|---|
| 001 | 477439 | ||
| 003 | LARL_NWRL_CONSORTIUM | ||
| 005 | 20260106184153.0 | ||
| 008 | 180112s2025 xxx d 000 1 eng d | ||
| 020 | . | ‡a9781962452731 ‡q(large print, paperback) | |
| 100 | 1 | . | ‡aKeim, Judith, ‡d1942- ‡eauthor. |
| 245 | 1 | 0. | ‡aBubbles at the Beach House Hotel / ‡cJudith Keim. |
| 250 | . | ‡aLarge print edition. | |
| 264 | 1. | ‡a[Place of publication not identified] : ‡bWild Quail Publishing, ‡c[2025] | |
| 264 | 4. | ‡c©2025 | |
| 300 | . | ‡a377 pages (large print) ; ‡c23 cm | |
| 336 | . | ‡atext ‡btxt ‡2rdacontent | |
| 337 | . | ‡aunmediated ‡bn ‡2rdamedia | |
| 338 | . | ‡avolume ‡bnc ‡2rdacarrier | |
| 340 | . | ‡nlarge print ‡2rdafs | |
| 490 | 0 | . | ‡aBeach House Hotel ; ‡v10 |
| 520 | . | ‡a"Bubbles ... champagne, challenges, and spa treatments at The Beach House Hotel ... Rhonda and Ann are touched when they learn members of a small book club have saved for a long time to be able to spend a week at the Beach House Hotel. They arrange to put the five women in one of the two private homes on the property and promise to give them all the bubbles each one has requested as a surprise for the others. Things become complicated when Vice-President Amelia Swanson requests the use of the other house for two of her staffers who need time to rest and write up reports for her. Ann and Rhonda continue to survive surprises good and bad in both business and in their private lives by working together to keep their guests happy" -- ‡cProvided by publisher. | |
| 650 | 0. | ‡aWomen ‡vFiction. | |
| 650 | 0. | ‡aVice-presidents ‡vFiction. | |
| 650 | 0. | ‡aFriendship ‡vFiction. ‡0(LARL_NWRL_CONSORTIUM)164944 | |
| 650 | 0. | ‡aHotelkeepers ‡vFiction. ‡0(LARL_NWRL_CONSORTIUM)165689 | |
| 650 | 0. | ‡aHotels ‡vFiction. ‡0(LARL_NWRL_CONSORTIUM)165690 | |
| 650 | 0. | ‡aInterpersonal relations ‡vFiction. ‡0(LARL_NWRL_CONSORTIUM)165331 | |
| 650 | 0. | ‡aMan-woman relationships ‡vFiction. ‡0(LARL_NWRL_CONSORTIUM)165985 | |
| 651 | 0. | ‡aFlorida ‡vFiction. ‡0(LARL_NWRL_CONSORTIUM)164960 | |
| 650 | 0. | ‡aLarge type books. ‡0(LARL_NWRL_CONSORTIUM)24284 | |
| 655 | 7. | ‡aDomestic fiction. ‡2lcgft | |
| 655 | 7. | ‡aLarge print books. ‡2lcgft | |
| 901 | . | ‡a477439 ‡bAUTOGEN ‡c477439 ‡tbiblio ‡sSystem Local | |

Add to basket
Permalink
Disable Highlighting